Normal view
MARC view
Entry Personal Name
001 - CONTROL NUMBER
- control field: 53897
003 - CONTROL NUMBER IDENTIFIER
- control field: OSt
005 - DATE AND TIME OF LATEST TRANSACTION
- control field: 20250529102616.0
008 - FIXED-LENGTH DATA ELEMENTS
- fixed length control field: 250529|| aca||aabn | a|a d
040 ## - CATALOGING SOURCE
- Original cataloging agency: OSt
- Transcribing agency: OSt
100 ## - HEADING--PERSONAL NAME
- Personal name: Headley, Andrea M. and Kalesnikaite, Vaiva
670 ## - SOURCE DATA FOUND
- Source citation: Work cat.: (OSt): Headley, Andrea M. and Kalesnikaite, Vaiva, Exploring the limits of collaboration and the fragility of its outcomes: The case of community policing
